<?xml version="1.0" encoding="UTF-8"?><?xml-stylesheet type="text/xsl" href="static/style.xsl"?><OAI-PMH xmlns="http://www.openarchives.org/OAI/2.0/" xmlns:xsi="http://www.w3.org/2001/XMLSchema-instance" xsi:schemaLocation="http://www.openarchives.org/OAI/2.0/ http://www.openarchives.org/OAI/2.0/OAI-PMH.xsd"><responseDate>2026-04-17T18:35:05Z</responseDate><request verb="GetRecord" identifier="oai:www.recercat.cat:10230/48198" metadataPrefix="marc">https://recercat.cat/oai/request</request><GetRecord><record><header><identifier>oai:recercat.cat:10230/48198</identifier><datestamp>2025-12-21T20:46:51Z</datestamp><setSpec>com_2072_6</setSpec><setSpec>col_2072_452954</setSpec></header><metadata><record xmlns="http://www.loc.gov/MARC21/slim" xmlns:dcterms="http://purl.org/dc/terms/" xmlns:xsi="http://www.w3.org/2001/XMLSchema-instance" xmlns:doc="http://www.lyncode.com/xoai" xsi:schemaLocation="http://www.loc.gov/MARC21/slim http://www.loc.gov/standards/marcxml/schema/MARC21slim.xsd">
   <leader>00925njm 22002777a 4500</leader>
   <datafield ind2=" " ind1=" " tag="042">
      <subfield code="a">dc</subfield>
   </datafield>
   <datafield ind2=" " ind1=" " tag="720">
      <subfield code="a">Hernández Haro, Sergio</subfield>
      <subfield code="e">author</subfield>
   </datafield>
   <datafield ind2=" " ind1=" " tag="260">
      <subfield code="c">2021-07-15T12:58:18Z</subfield>
   </datafield>
   <datafield ind2=" " ind1=" " tag="260">
      <subfield code="c">2021</subfield>
   </datafield>
   <datafield ind2=" " ind1=" " tag="260">
      <subfield code="c">2021</subfield>
   </datafield>
   <datafield ind2=" " ind1=" " tag="520">
      <subfield code="a">Màster Universitari en Direcció Financera i Comptable - Especialitat Finances Corporatives (UPF Barcelona School of Management). Curs 2020-2021</subfield>
   </datafield>
   <datafield ind2=" " ind1=" " tag="520">
      <subfield code="a">Mentor: Ramón Bastida Vialcanet</subfield>
   </datafield>
   <datafield ind2=" " ind1=" " tag="520">
      <subfield code="a">A  pesar  de  los  beneficios de  las  NIIF  en la  Unión  Europea, sus  principiosestablecidos  están  sujetos  a riesgos de manipulación por parte de la dirección de las empresas, como en la NIC 36 sobrela pérdida de valor por deterioro de los activos. En concreto la norma es flexible en los modelos de valoración ysushipotesis  subjetivas  cuando  los  procedimientos  de  Impairment  Test  se  desarrollan  internamente  y mediante el valor de uso.Nuestrapropuesta  de  reforma consisteen  la  externalización  obligatoria  de  losImpairment  Test  y  la utilización  del modelo de  valoración  basado  en  el  EVA con  un  caso  práctico  en  el  Grupo  Ebro  Foodscomo  testeo. Estapropuesta  permite  transformar  un  procedimiento  rutinario  en  una oportunidad  de obtener  más  información  para  la  toma  dedecisiones  sobre  lageneración  de  valor  de  los  activos empresariales.  Finalmente,  entrevistamos  a 2expertos  externos para  saber  la  opinión  del  mundo profesional.</subfield>
   </datafield>
   <datafield tag="653" ind2=" " ind1=" ">
      <subfield code="a">Treball de fi de màster – Curs 2020-2021</subfield>
   </datafield>
   <datafield tag="653" ind2=" " ind1=" ">
      <subfield code="a">IFRS</subfield>
   </datafield>
   <datafield tag="653" ind2=" " ind1=" ">
      <subfield code="a">UGE</subfield>
   </datafield>
   <datafield tag="653" ind2=" " ind1=" ">
      <subfield code="a">Impairment</subfield>
   </datafield>
   <datafield tag="653" ind2=" " ind1=" ">
      <subfield code="a">EVA</subfield>
   </datafield>
   <datafield tag="653" ind2=" " ind1=" ">
      <subfield code="a">Ebro Foods</subfield>
   </datafield>
   <datafield ind2="0" ind1="0" tag="245">
      <subfield code="a">Impairment test: reforma contable en la aplicación del modelo EVA en la estimación del importe recuperable: aplicación práctica en Grupo Ebro Foods</subfield>
   </datafield>
</record></metadata></record></GetRecord></OAI-PMH>